[Event "Linares"]
[Site "19"]
[Date "2002.03.03"]
[Round "8"]
[White "Anand, Viswanathan"]
[Black "Shirov, Alexei"]
[Result "1-0"]
[WhiteElo "2757"]
[BlackElo "2715"]
[Annotator "JvR"]
[PlyCount "61"]
[EventDate "2002.??.??"]

1. e4 c5 2. Nf3 Nc6 3. d4 cxd4 4. Nxd4 e5 5. Nb5 d6 6. N1c3 a6 7. Na3 b5 8. Nd5
Nf6 9. c4 b4 $6 10. Nxf6+ Qxf6 11. Nc2 Qg6 12. Qd5 $1 {A novelty leads to
pressure.} Bb7 13. Nxb4 Rc8 $1 ({Anand dislikes the passive} 13... Nd8 14. Qd1
Qxe4+ 15. Be3) 14. Be3 Be7 15. h4 O-O 16. h5 Qg4 17. f3 Qg3+ 18. Kd1 $1 ({
Avoids} 18. Bf2 Nxb4 $1) 18... Bg5 {White has an extra pawn. Black has
tactical chances.} 19. Nxc6 ({An interesting alternative gives} 19. Rh3 Qxh3
20. gxh3 Bxe3 21. Qd3 {(Anand).}) 19... Bxe3 $2 ({Anand rejects} 19... Bxc6 20.
Qd2 Bxe3 21. Qxe3 {But the active} f5 $1 22. Rh3 Qf4 23. Qxf4 exf4 24. exf5
Rxf5 25. Kd2 Bd7 {leads to counter-play for Black.}) 20. Ne7+ Kh8 21. Qd3 Bg5
22. Nxc8 Rxc8 23. h6 $5 gxh6 24. Kc2 d5 25. exd5 Bxd5 26. Qxd5 Rd8 27. Qc5 Rd2+
28. Kb3 Kg7 29. a3 e4 30. Rh3 Qf4 31. fxe4 1-0

[Event "Linares"]
[Site "19"]
[Date "2002.03.03"]
[Round "8"]
[White "Kasparov, Gary"]
[Black "Vallejo Pons, Francisco"]
[Result "1-0"]
[WhiteElo "2838"]
[BlackElo "2629"]
[Annotator "JvR"]
[PlyCount "99"]
[EventDate "2002.??.??"]

1. e4 c5 2. Nf3 e6 3. d4 cxd4 4. Nxd4 a6 5. c4 Nf6 6. Nc3 Qc7 7. a3 b6 8. Be3
Bb7 9. f3 Nc6 10. Be2 Rb8 $6 11. b4 $1 {White expands on both flanks.} Be7 12.
O-O O-O 13. Rc1 Ne5 $2 ({A square for the queen opens} 13... Rbc8 $1) 14. f4 $1
Ng6 ({The pointe is} 14... Nxc4 $2 15. Bxc4 Qxc4 16. Nb1 Qa2 17. Rf2) 15. Bd3
$1 Ba8 16. Qe2 Kh8 $1 {Retreats are needed.} 17. e5 Ng8 $1 18. Qh5 a5 $6 19.
Ndb5 $6 (19. Rb1 {continues the restriction of the queenside.}) 19... Qc6 20.
Rc2 axb4 21. axb4 Bxb4 22. Ne4 f5 23. Ng5 Nh6 24. Kh1 Bc5 25. Bc1 Qc8 26. h3
Kg8 27. Kh2 Ne7 28. Nd6 Bxd6 29. exd6 Nc6 $2 ({The knight assists in rthe
defence of the kingside by} 29... Ng6) 30. Bb2 Nb4 31. Rd2 b5 $1 ({Black
avoids the combination} 31... Nxd3 $2 32. Rxd3 Qxc4 33. Nxh7 Qxd3 34. Qg6 {
(Ribli).}) 32. Rc1 Qe8 $1 ({Averts} 32... Nxd3 $2 33. Rxd3 bxc4 34. Bxg7 $1
Kxg7 35. Rg3 {(Ribli).}) 33. Qe2 Nxd3 34. Rxd3 {White pieces are moving
forwards to the kingside.} Nf7 ({If Black exchanges by} 34... bxc4 35. Rg3 $1
Rb3 36. Rcc3 Qg6 37. Rxb3 cxb3 38. Nxe6 $1 Ng4+ 39. hxg4 Qxe6 40. Qxe6+ dxe6
41. gxf5 {White wins the endgame.}) 35. Rg3 Nxg5 36. Rxg5 Rf7 37. Qe5 Qf8 38.
cxb5 h6 39. Rg3 Kh7 40. Bd4 Bd5 41. b6 Rf6 42. Rcc3 Rf7 43. Rc7 Be4 44. Rb3 Bd5
45. Rb5 Bb7 46. Ra5 Qd8 47. Ra7 Be4 $6 ({Or} 47... Bd5 48. Qe2 Qh4 49. g3 Qd8
50. Qb5) 48. Qxe6 $1 Qh4 49. Qxf7 Qxf4+ 50. Kg1 1-0

[Event "Linares"]
[Site "19"]
[Date "2002.03.04"]
[Round "9"]
[White "Ponomariov, Ruslan"]
[Black "Adams, Michael"]
[Result "1-0"]
[WhiteElo "2727"]
[BlackElo "2742"]
[Annotator "JvR"]
[PlyCount "89"]
[EventDate "2002.??.??"]

1. e4 e5 2. Nf3 Nc6 3. Bb5 a6 4. Ba4 Nf6 5. O-O Be7 6. Re1 b5 7. Bb3 O-O 8. c3
d5 9. exd5 Nxd5 10. Nxe5 Nxe5 11. Rxe5 c6 12. d4 Bd6 13. Re1 Qh4 14. g3 Qh3 15.
Re4 g5 $1 16. Qe2 Nf6 $5 17. Nd2 $1 Bf5 18. f3 c5 $1 {A new move leads to
restriction.} 19. Qf2 c4 20. Bc2 h6 21. b3 cxb3 22. axb3 Rfc8 23. Bb2 Bb4 $2 {
Capture on e4 leads to a broad pawn centre.} ({The defence is reorganised by} 
23... Bg6 $1 24. c4 Qd7 25. Rc1 {Now} bxc4 26. bxc4 Nxe4 27. fxe4 Bb4 {accepts
the challenge.}) 24. Re5 $1 Bxc2 25. cxb4 Bg6 26. Rc5 Re8 (26... Rd8 27. d5 $1)
27. Nf1 Rad8 28. d5 Nd7 29. Ne3 $1 h5 (29... Nxc5 30. bxc5 Kf8 31. Rxa6 {is
horrible (Ftacnik).}) 30. f4 h4 31. f5 hxg3 32. hxg3 Bh5 33. d6 Re4 34. Rac1
Nxc5 35. bxc5 Kh7 36. Bf6 Rg8 37. d7 Rh4 38. Qg2 Bf3 39. Qxh3 Rxh3 40. Kf2 g4
41. Nf1 Rh5 42. d8=Q Rxd8 43. Bxd8 Rxf5 44. Ne3 Rh5 45. Bh4 1-0

[Event "Linares"]
[Site "19"]
[Date "2002.03.04"]
[Round "9"]
[White "Shirov, Alexei"]
[Black "Ivanchuk, Vassily"]
[Result "1-0"]
[WhiteElo "2715"]
[BlackElo "2717"]
[Annotator "JvR"]
[PlyCount "71"]
[EventDate "2002.??.??"]

1. e4 e5 2. Nf3 Nc6 3. Bb5 a6 4. Ba4 Nf6 5. O-O Be7 6. Re1 b5 7. Bb3 O-O 8. a4
Bb7 9. d3 Re8 10. Nbd2 Bf8 11. c3 Na5 12. Ba2 c5 13. d4 d6 14. b4 $6 (14. d5 {
avoids problems.}) 14... exd4 $1 15. bxa5 $6 (15. cxd4 cxb4 {gives Black a
plus.}) 15... dxc3 16. Nf1 Nxe4 17. axb5 axb5 18. a6 Bc6 19. Rxe4 $5 (19. Bd5
Qc8 20. Qd3 {is not in the style of Shirov.}) 19... Bxe4 20. Bxf7+ $1 Kxf7 21.
Ng5+ Kg8 22. Nxe4 Qc8 $1 {The black pawns look overwhelming.} 23. Nxc3 $2 ({
Better is} 23. Qd5+ Qe6 24. Nxc3 Qxd5 25. Nxd5 Ra7 {(Shirov)} 26. Be3 Rea8 27.
Ra5 Rxa6 28. Rxb5) 23... Rxa6 24. Rb1 b4 25. Nd5 Ra7 26. Rb3 Ra1 27. h3 Re5 28.
Nf4 Qe8 29. Rf3 c4 30. Kh2 b3 31. Qd2 d5 32. Ne3 Bd6 33. g3 Qc6 34. Ng4 d4 $4 {
He blunders in time trouble.} ({Right is} 34... Rf5 35. Bb2 Ra7 {Black
protects g7 and has a big edge.}) 35. Qxd4 Re4 $4 36. Qxa1 1-0

[Event "Linares"]
[Site "19"]
[Date "2002.03.06"]
[Round "10"]
[White "Adams, Michael"]
[Black "Shirov, Alexei"]
[Result "1-0"]
[WhiteElo "2742"]
[BlackElo "2715"]
[Annotator "JvR"]
[PlyCount "61"]
[EventDate "2002.??.??"]

1. e4 c5 2. Nf3 Nc6 3. Bb5 e6 4. O-O Nge7 5. c3 a6 6. Ba4 b5 7. Bc2 Bb7 8. Qe2
Ng6 9. d4 cxd4 10. cxd4 Nh4 11. Nbd2 Rc8 12. Bb1 Bd6 13. a4 bxa4 14. Rxa4 Nxf3+
15. Nxf3 Nb4 16. Bd2 a5 17. Rd1 O-O 18. Bc3 Qb6 19. Ra1 Bf4 $2 ({Better is} 
19... Bc7 {(Adams)}) ({or} 19... f5 20. e5 Be7) 20. Ne5 Qc7 21. Qg4 Bxe5 $6 ({
More resistance offers} 21... Bh6) 22. dxe5 Bc6 23. h4 Kh8 24. Ra3 $1 {
Attackers move to the kingside.} Rg8 25. h5 h6 26. Qf4 $1 Rcf8 27. Bd4 Bb5 28.
Rc3 Nc6 29. Bc5 Be2 $6 30. Rd2 Bxh5 31. Rh3 ({Adams analyses} 31. Rh3 Bg6 32.
Rxh6+ $1 gxh6 33. Qxh6+ Bh7 34. Qf6+ Rg7 35. Bxf8) 1-0

[Event "Linares"]
[Site "19"]
[Date "2002.03.06"]
[Round "10"]
[White "Ivanchuk, Vassily"]
[Black "Vallejo Pons, Francisco"]
[Result "1-0"]
[WhiteElo "2717"]
[BlackElo "2629"]
[Annotator "JvR"]
[PlyCount "45"]
[EventDate "2002.??.??"]

1. e4 c5 2. Nf3 e6 3. d4 cxd4 4. Nxd4 a6 5. Bd3 Nf6 6. O-O d6 7. c4 Be7 8. Nc3
O-O 9. f4 Re8 10. Kh1 Nbd7 11. Qe2 {A poor novelty.} g6 $6 12. Bd2 Bf8 13. Rad1
Nh5 14. Nf3 $1 ({Less effect has} 14. f5 $6 exf5 15. Nxf5 Ne5 16. Bc2 $6 Bxf5
17. exf5 Qh4 {(Ftacnik).}) 14... b6 15. e5 Bb7 16. Ng5 Ng7 ({Vallejo fears} 
16... Qc7 17. Nxh7 $1) 17. Be4 $1 Qc7 18. Qf3 Bxe4 19. Ncxe4 h6 20. exd6 Qd8 ({
Black is crushed in} 20... Qxc4 $2 21. b3 Qc8 22. Rc1 Qd8 23. Rc7 Nh5 24. g4 $1
Bxd6 25. Nxf7 $1) 21. Qh3 $1 hxg5 22. fxg5 e5 $2 {Black collapses. The
position seems to be lost anyway.} ({The last chance gives} 22... Rc8 23. b3
Rc5 24. Nxc5 bxc5 {but} 25. g4 $1 Qa8+ 26. Kg1 Bxd6 27. Bc3 Qb8 28. Qh6 e5 29.
Rd3 {wins for White.}) 23. Qxd7 $1 1-0

[Event "Linares"]
[Site "19"]
[Date "2002.03.07"]
[Round "11"]
[White "Shirov, Alexei"]
[Black "Ponomariov, Ruslan"]
[Result "1/2-1/2"]
[WhiteElo "2715"]
[BlackElo "2727"]
[PlyCount "95"]
[EventDate "2002.??.??"]

1. d4 d5 2. c4 dxc4 3. e4 Nf6 4. e5 Nd5 5. Bxc4 Nb6 6. Bd3 Nc6 7. Be3 Nb4 8.
Be4 f5 9. exf6 exf6 10. Nc3 f5 11. Bb1 N4d5 12. Nf3 Bd6 13. Bg5 Be7 (13... Qd7
{was playerd in Timman-Salov, Sanghi Nagar 1994.}) 14. Bd2 O-O 15. O-O Nxc3 16.
bxc3 Be6 17. Re1 Bd5 18. Bd3 Nc4 19. Bxc4 $1 {White has to take action against
the blockade.} Bxc4 20. Ne5 Bf7 $6 21. Nxf7 Rxf7 22. Qb3 {Now he has the
initiative.} c5 23. d5 b5 24. Re6 Qd7 25. Rae1 c4 26. Qd1 Rd8 27. Qe2 Qxd5 28.
Rxe7 Rxe7 29. Qxe7 Qxd2 30. Qe6+ Kf8 31. Qxf5+ Kg8 32. Qe6+ Kf8 33. Qe7+ Kg8
34. Qe6+ Kf8 35. h4 Qd7 36. Qa6 Qd2 37. Qe6 Qd7 38. Qe5 Re8 39. Qc5+ Kg8 40.
Rxe8+ Qxe8 41. Qd5+ Kh8 42. Kf1 h6 43. f3 a5 44. Kf2 Qg6 45. Qa8+ Kh7 46. Qxa5
Qc2+ 47. Kg3 Qg6+ 48. Kf2 1/2-1/2

[Event "Linares"]
[Site "19"]
[Date "2002.03.07"]
[Round "11"]
[White "Vallejo Pons, Francisco"]
[Black "Adams, Michael"]
[Result "1/2-1/2"]
[WhiteElo "2629"]
[BlackElo "2742"]
[Annotator "JvR"]
[PlyCount "82"]
[EventDate "2002.??.??"]

1. Nf3 Nf6 2. c4 e6 3. Nc3 c5 4. g3 b6 5. Bg2 Bb7 6. O-O Be7 7. Re1 Ne4 8. Nxe4
Bxe4 9. d3 Bb7 10. e4 O-O 11. d4 cxd4 12. Nxd4 d6 13. b3 a6 14. Be3 Nd7 15. f4
Re8 16. Bf2 Qc7 17. Rc1 Bf6 18. Qd2 Rad8 19. g4 $5 {The attack starts at last.}
Nc5 20. b4 g6 $1 21. Nc2 ({Avoids} 21. bxc5 $2 dxc5) 21... Nd7 22. g5 Bg7 23.
Ne3 h5 $2 ({The centre is attacked by} 23... f5 24. exf5 gxf5 {(Stohl).}) 24.
gxh6 Bxh6 25. Ng4 Bf8 $5 26. Bh4 Rc8 27. Bg5 a5 28. a3 axb4 29. axb4 Ba6 $6 ({
More resistance offers} 29... f5 30. Nf2 Kf7) 30. f5 $1 Bxc4 31. f6 $1 {Black
is helpless against a raid through the h-file.} Ne5 32. Nh6+ Bxh6 (32... Kh7
33. Qf4 {leads to trouble.}) 33. Bxh6 b5 $1 34. Bg7 Qb6+ 35. Kh1 Ng4 36. h3 $2
(36. Rc2 $1 Bb3 37. Rb2 Bc2 38. h3 Qf2 39. Re2 {stops the counter.}) 36... Qf2
37. Qg5 Be2 38. hxg4 ({Black properly defends in} 38. Rxe2 Rxc1+ 39. Qxc1 Qxe2
40. hxg4 Qxg4 41. Qh6 Qh5+ {(Stohl).}) 38... Bf3 39. Bxf3 Qxf3+ 40. Kh2 Qf2+
41. Kh1 Qf3+ 1/2-1/2

[Event "Linares"]
[Site "19"]
[Date "2002.03.08"]
[Round "12"]
[White "Adams, Michael"]
[Black "Kasparov, Gary"]
[Result "1/2-1/2"]
[WhiteElo "2742"]
[BlackElo "2838"]
[Annotator "JvR"]
[PlyCount "67"]
[EventDate "2002.??.??"]

1. e4 c5 2. Nf3 d6 3. d4 cxd4 4. Nxd4 Nf6 5. Nc3 a6 6. Be3 e6 7. Qf3 Nbd7 8.
Be2 h5 9. Bg5 Qa5 10. Bd2 Qb6 11. Nb3 Qc7 12. a4 b6 13. Bg5 Bb7 14. Rd1 Be7 15.
Qe3 Nc5 16. Nd2 Rd8 17. O-O Ng4 18. Bxg4 hxg4 19. Bxe7 d5 $1 20. Qg3 Qxg3 21.
fxg3 Kxe7 22. exd5 exd5 $6 ({A counteraction begins} 22... Bxd5 $1 23. b4 Nb7
24. Nxd5+ Rxd5 25. Nc4 Rdh5 26. Nxb6 Nd6 {(Adams).}) 23. Rde1+ Kf8 24. b4 Ne4
25. Ncxe4 dxe4 26. Nc4 $1 Rh5 27. Nxb6 Rd6 28. Nc4 Rd4 29. Ne3 $6 (29. Na5 $1 {
keeps a plus.}) 29... Rxb4 30. Rd1 Re5 31. Rd7 Re7 32. Rd8+ Re8 33. Rd7 Re7 34.
Rd8+ 1/2-1/2

[Event "Linares"]
[Site "19"]
[Date "2002.03.08"]
[Round "12"]
[White "Ivanchuk, Vassily"]
[Black "Anand, Viswanathan"]
[Result "1/2-1/2"]
[WhiteElo "2717"]
[BlackElo "2757"]
[Annotator "JvR"]
[PlyCount "45"]
[EventDate "2002.??.??"]

1. d4 d5 2. Nf3 e6 3. g3 Nf6 4. Bg2 Be7 5. c4 O-O 6. Qc2 c5 7. dxc5 Qa5+ 8. Nc3
dxc4 9. O-O Nc6 10. Bg5 Qxc5 11. Bxf6 Bxf6 12. Ne4 Qe7 13. Rfd1 b5 14. a4 Ba6
$1 15. Nxf6+ Qxf6 16. Rd6 Rac8 17. Nd2 Nd4 18. Qd1 Rcd8 $1 19. Ne4 Qe5 {A
tactical phase ends the game.} 20. f4 ({Little advantage gains} 20. Rxa6 Nb3
21. Qe1 Nxa1 22. Qxa1 b4 {(Ribli).}) 20... Qxd6 $1 21. Nxd6 Rxd6 22. e3 Nf5 23.
Qe1 {Black has sufficient compensation for the queen.} 1/2-1/2

[Event "Linares"]
[Site "19"]
[Date "2002.03.08"]
[Round "12"]
[White "Ponomariov, Ruslan"]
[Black "Vallejo Pons, Francisco"]
[Result "1-0"]
[WhiteElo "2727"]
[BlackElo "2629"]
[Annotator "JvR"]
[PlyCount "57"]
[EventDate "2002.??.??"]

1. e4 c5 2. Nf3 e6 3. d4 cxd4 4. Nxd4 a6 5. Nc3 b5 6. Bd3 Bb7 7. O-O Nc6 8.
Nxc6 Bxc6 9. Qe2 Ne7 10. Bd2 $1 ({White revises} 10. f4 b4 11. Nd1 {
(Tolmai-Smirin, Komotini 1992).}) 10... Ng6 11. a4 b4 {The pointe of the
novelty follows.} 12. Nd5 $1 a5 13. c3 b3 $5 14. g3 Bd6 15. Ne3 O-O 16. Nc4 Bc5
17. Be3 Qe7 $6 ({Slightly better is} 17... Bxe3 18. Nxe3 Qc7) 18. Nd2 Ne5 $2 {
There is no need to sacrifice a pawn.} 19. Bxc5 Qxc5 20. Nxb3 Qd6 21. Bb5 f5
22. f4 Ng4 23. e5 Qd5 24. Bxc6 dxc6 25. Nd4 c5 26. Nb5 Rad8 27. h3 Nh6 28. Rfd1
Qb3 29. Rd6 1-0

[Event "Linares"]
[Site "19"]
[Date "2002.03.09"]
[Round "13"]
[White "Anand, Viswanathan"]
[Black "Adams, Michael"]
[Result "1/2-1/2"]
[WhiteElo "2757"]
[BlackElo "2742"]
[Annotator "JvR"]
[PlyCount "53"]
[EventDate "2002.??.??"]

1. e4 e5 2. Nf3 Nf6 3. Nxe5 d6 4. Nf3 Nxe4 5. d4 d5 6. Bd3 Nc6 7. O-O Be7 8. c4
Nb4 9. Be2 O-O 10. Nc3 Bf5 11. a3 Nxc3 12. bxc3 Nc6 13. cxd5 Qxd5 14. Re1 Rfe8
15. Bf4 Rac8 16. c4 Qe4 17. Be3 Bf6 18. Ra2 b6 19. h3 Na5 20. g4 Bg6 21. g5 Be7
22. Ne5 Bd6 23. Nxg6 hxg6 24. c5 Bf8 25. Bg4 Rcd8 26. Rae2 Qc6 $1 ({Black
improves on} 26... Qd5 {in Kasparov - Adams (round 5).}) 27. cxb6 1/2-1/2

[Event "Linares"]
[Site "19"]
[Date "2002.03.09"]
[Round "13"]
[White "Kasparov, Gary"]
[Black "Ponomariov, Ruslan"]
[Result "1-0"]
[WhiteElo "2838"]
[BlackElo "2727"]
[Annotator "JvR"]
[PlyCount "75"]
[EventDate "2002.??.??"]

1. e4 e6 2. d4 d5 3. Nc3 dxe4 4. Nxe4 Nd7 5. Nf3 Ngf6 6. Nxf6+ Nxf6 7. c3 c5 8.
Ne5 $1 {Kasparov has to win this game. He brings a sublime novelty.} Nd7 $2 ({
Kasparov recommends} 8... a6) 9. Bb5 $1 Bd6 10. Qg4 $1 Kf8 $1 ({Avoids} 10...
O-O $2 11. Bxd7 Bxd7 12. Bh6) 11. O-O $6 ({White can attack without a pawn
sacrifice in} 11. Qh5 $1 Nxe5 12. dxe5 Be7 13. O-O) 11... Nxe5 12. dxe5 Bxe5
13. Bg5 Bf6 14. Rad1 Qc7 15. Qh4 $5 ({The king hides behind a fortress in} 15.
Bxf6 gxf6 16. h4 Ke7) 15... Bxg5 16. Qxg5 f6 17. Qh5 g6 18. Qh6+ Kf7 (18... Qg7
$2 19. Rd8+ Kf7 20. Be8+ $18) 19. Rd3 $6 (19. f4 {exerts more pressure.}) 19...
a6 20. Rh3 Qe7 (20... axb5 $4 21. Qxh7+) 21. Bd3 f5 22. g4 $5 (22. Qxh7+ {
followed by exchanges leads to a draw.}) 22... Qf6 23. Rd1 b5 24. Be2 e5 25.
Rhd3 Ra7 $2 ({Right is} 25... fxg4 26. Rd6 Qf4 27. Rxg6 Qxh6 28. Rxh6 {
(Dokhoian).}) 26. Rd6 Qg7 27. Qe3 Rc7 28. a4 $1 e4 ({Insufficient is} 28... c4
29. Qb6) 29. axb5 axb5 30. Bxb5 Qe5 31. Qg5 Qe7 32. Qh6 Be6 ({Or} 32... c4 33.
Rxg6 hxg6 34. Qxh8 fxg4 35. Be8+ $1) 33. Qf4 Bc8 34. Qh6 Be6 35. gxf5 gxf5 36.
Be2 $1 Qf6 37. Bh5+ Ke7 38. Rxe6+ $1 {Kasparov takes the lead in Linares.} ({
The point is} 38. Rxe6+ Kxe6 (38... Qxe6 39. Qg7+) 39. Rd6+) 1-0

[Event "Linares"]
[Site "19"]
[Date "2002.03.09"]
[Round "13"]
[White "Vallejo Pons, Francisco"]
[Black "Shirov, Alexei"]
[Result "1-0"]
[WhiteElo "2629"]
[BlackElo "2715"]
[Annotator "JvR"]
[PlyCount "107"]
[EventDate "2002.??.??"]

1. e4 c5 2. Nf3 d6 3. Bc4 Nf6 4. d3 e6 5. Bb3 Be7 6. O-O O-O 7. c3 Nc6 8. Re1
b5 9. Nbd2 d5 10. e5 Nd7 11. d4 Ba6 12. Nf1 b4 13. Ba4 $5 Rc8 14. Bxc6 Rxc6 15.
cxb4 Bxf1 16. Rxf1 cxb4 17. Be3 Qa5 18. g3 $6 Rfc8 19. Ne1 Qb5 20. h4 a5 21. b3
a4 (21... f6 $1 {gains an advantage.}) 22. Nd3 Rc3 23. Nf4 Nf8 24. Qg4 Qd7 25.
h5 axb3 26. axb3 Rxb3 27. h6 g6 28. Nh3 Rbc3 29. Bg5 b3 30. Rfb1 Rb8 31. Kg2
Rc7 32. Rb2 Bxg5 33. Qxg5 Qe7 34. Qe3 Qb4 35. Qf4 Qe7 $2 ({Black should defend
by} 35... Nd7 $5 36. Ng5 Qf8) 36. Qf3 Rcb7 37. Rab1 Nd7 38. Rxb3 Rxb3 39. Rxb3
Qf8 40. Rxb8 Nxb8 41. Ng5 {White puts pressure on the pawns f7 and h7.} Nd7 42.
Qf4 Qe7 43. Qc1 Qd8 44. Nf3 Kf8 45. Ng5 Kg8 46. Nf3 Kf8 47. Kg1 {Black will be
suffocated.} Qb8 $6 ({Right is} 47... Kg8 48. Qc6 Nf8 {but} 49. Kg2 $1 {brings
a semi-zugzwang.}) 48. Qa3+ Ke8 ({Or} 48... Kg8 49. Qe7) 49. Ng5 Nf8 50. Qa4+
Ke7 51. Kg2 Qb7 52. Qa3+ Ke8 53. Qf3 Qe7 54. Qf6 1-0

[Event "Linares"]
[Site "19"]
[Date "2002.03.10"]
[Round "14"]
[White "Adams, Michael"]
[Black "Ivanchuk, Vassily"]
[Result "1/2-1/2"]
[WhiteElo "2742"]
[BlackElo "2717"]
[Annotator "JvR"]
[PlyCount "91"]
[EventDate "2002.??.??"]

1. e4 c5 2. Nf3 e6 3. d4 cxd4 4. Nxd4 a6 5. Bd3 Nf6 6. O-O d6 7. c4 b6 8. Nc3
Bb7 9. f4 Be7 10. f5 Nc6 11. Be3 Nxd4 12. Bxd4 O-O {White controls a larger
domain.} 13. fxe6 fxe6 14. Qe2 Kh8 15. Rad1 Nd7 16. Rxf8+ Qxf8 17. Na4 Bf6 $1 {
Black defends actively.} 18. Bxf6 ({Avoids} 18. Bxb6 $4 Nxb6 19. Nxb6 Bd4+ {
(Ribli).}) 18... Qxf6 19. Qe3 Rd8 20. b4 a5 21. Nxb6 axb4 $6 ({Equality keeps} 
21... Ne5 $1 22. Rf1 Qh6 23. Qxh6 gxh6 24. Bc2 axb4) 22. Rf1 Qh6 $5 23. Qxh6
gxh6 24. Nxd7 Rxd7 25. Rb1 Ba6 26. Rxb4 d5 $1 27. Ra4 Bxc4 28. Bxc4 dxc4 29.
Rxc4 Rd1+ 30. Kf2 Rd2+ 31. Kg3 Rxa2 32. Rc6 Ra3+ 33. Kh4 Ra2 34. Kh3 Ra3+ 35.
g3 Ra2 36. Rxe6 h5 37. Re7 Re2 38. e5 h6 39. Re8+ ({The drawn rook ending can
be lost by} 39. Kh4 $4 Rxh2#) 39... Kg7 40. Re7+ Kg6 41. e6 Kf6 42. Re8 Kg6 43.
e7 Kg7 44. g4 hxg4+ 45. Kxg4 Kf7 46. Rh8 1/2-1/2

[Event "Linares"]
[Site "19"]
[Date "2002.03.10"]
[Round "14"]
[White "Ponomariov, Ruslan"]
[Black "Anand, Viswanathan"]
[Result "1/2-1/2"]
[WhiteElo "2727"]
[BlackElo "2757"]
[Annotator "JvR"]
[PlyCount "55"]
[EventDate "2002.??.??"]

1. e4 e5 2. Nf3 Nc6 3. Bb5 a6 4. Ba4 Nf6 5. O-O Be7 6. Re1 b5 7. Bb3 O-O 8. c3
d5 9. exd5 Nxd5 10. Nxe5 Nxe5 11. Rxe5 c6 12. d4 Bd6 13. Re1 Qh4 14. g3 Qh3 15.
Re4 g5 16. Qe2 f5 $1 ({Adams played} 16... Nf6 {in round 9.}) 17. Bxd5+ $1 (17.
Re6 $2 Bxe6 18. Qxe6+ Kh8 19. Qxd6 Rae8 20. Bd2 f4 $1 21. Bxd5 cxd5 22. f3 g4
$1 {(Smirin-Grischuk, Panormo 2001).}) 17... cxd5 18. Re6 f4 19. Rxd6 Bg4 20.
Qf1 Qxf1+ 21. Kxf1 Rae8 22. Bd2 Bh3+ 23. Kg1 fxg3 24. hxg3 Re2 {Anand will
have investigated the crucial position before the game.} 25. Be3 ({Not} 25. f4
$2 Rfe8 $1 26. Rh6 g4 $19) (25. Rh6 Rexf2 $1 26. Na3 Rg2+ 27. Kh1 Rxd2 28. Rxh3
Rff2 29. Rb1 Kg7 30. g4 Kg6 {White does not proceed (Ponomariov).}) 25... Rxe3
26. fxe3 Rf1+ 27. Kh2 g4 28. Rxd5 1/2-1/2

[Event "Linares"]
[Site "19"]
[Date "2002.03.10"]
[Round "14"]
[White "Shirov, Alexei"]
[Black "Kasparov, Gary"]
[Result "0-1"]
[WhiteElo "2715"]
[BlackElo "2838"]
[Annotator "JvR"]
[PlyCount "56"]
[EventDate "2002.??.??"]

1. e4 c5 2. Nf3 Nc6 3. d4 cxd4 4. Nxd4 Nf6 5. Nc3 e5 6. Ndb5 d6 7. Bg5 a6 8.
Na3 b5 9. Bxf6 gxf6 10. Nd5 f5 11. Bxb5 axb5 12. Nxb5 Ra4 13. b4 Qh4 14. O-O
Rg8 15. f4 {Shirov plays a new move.} (15. c3 f4 16. Qxa4 Rxg2+ 17. Kxg2 Qg4+ {
ends with perpetual check (Luther-McShane, Lippstadt 2000).}) 15... Kd8 $1 16.
c3 Ra6 17. a4 $2 ({Better is} 17. exf5 Bb7 $1 {(Kasparov)} 18. Nbc7 Ne7 $1 19.
Rf2) 17... fxe4 18. f5 $6 Bb7 19. Ra2 e3 $1 {Black chooses the most elegant
win. He opens the diagonal a8-h1.} 20. Nxe3 Qe4 21. Re1 Nxb4 $1 {The decisive
blow.} 22. cxb4 Bh6 $1 {White collapses.} 23. Kh1 Bxe3 24. Qe2 Rc6 25. a5 Qxb4
26. Nxd6 Rxd6 27. Qxe3 Qd4 28. Qc1 Qd5 {Kasparov ended the cycle superbly.
Shirov and Vallejo Pons lost too many games.} 0-1

[Event "Linares"]
[Site "20"]
[Date "2003.02.22"]
[Round "1"]
[White "Anand, Viswanathan"]
[Black "Ponomariov, Ruslan"]
[Result "1-0"]
[WhiteElo "2753"]
[BlackElo "2734"]
[Annotator "JvR"]
[PlyCount "127"]
[EventDate "2003.??.??"]

1. e4 e5 2. Nf3 Nc6 3. Bb5 Nf6 4. O-O Nxe4 5. d4 Nd6 6. Bxc6 dxc6 7. dxe5 Nf5
8. Qxd8+ Kxd8 9. Nc3 Be7 $5 10. Rd1+ Ke8 11. Bg5 Bxg5 12. Nxg5 Ke7 13. Rd3 h6
14. Nf3 ({Anand diverts from} 14. Nge4 {Grischuk-Ponomariov, Wijk aan Zee 2003)
.}) 14... g6 15. Rad1 Ng7 $5 {Such passive moves are passable in the Berlin
Defence.} 16. h3 Be6 17. Nd4 Rad8 18. f4 Bc4 19. R3d2 c5 20. Nf3 $5 (20. Ndb5
Rxd2 21. Rxd2 Bxb5 22. Nxb5 Ne6 23. g3 {keeps a plus.}) 20... Nh5 21. b3 Rxd2
22. Rxd2 Be6 23. Ne2 c4 $5 24. Kf2 cxb3 25. cxb3 c5 $6 {Square d6 becomes a
weakness.} ({Better is the immediate} 25... Ng7 26. g4 h5) 26. g4 Ng7 27. Nc3
h5 28. Kg3 hxg4 29. hxg4 Rd8 $6 30. Rxd8 Kxd8 31. Ng5 Ke7 32. Nge4 b6 33. Kh4
Bd7 34. Nd5+ Kf8 35. Nd6 Ne8 36. Nc4 b5 $5 37. Nce3 Ng7 38. Kg5 Bc6 $2 ({Right
is} 38... Be6 $1 39. Nc7 c4 40. bxc4 Bxc4 41. a4 Ne6+ 42. Nxe6+ Bxe6 43. axb5
Bd7 44. Nc4 Bxb5 45. Nd6 Be8) 39. Nc7 a5 40. f5 gxf5 41. gxf5 Bd7 42. Na6 c4
43. Nc5 Bc8 44. bxc4 bxc4 45. Ne4 Bd7 46. Nc5 Bc8 47. e6 $1 {Anand finds a
breakthrough.} c3 ({He has prepared} 47... fxe6 48. f6 Ne8 49. Nxc4) 48. e7+
Ke8 49. f6 Ne6+ 50. Nxe6 Bxe6 51. Kf4 Kd7 52. Ke5 Bg4 53. Kd4 Bd1 54. Kxc3 Ba4
55. Kd4 Ke6 56. Nd5 Kf5 57. Kc5 Ke5 58. a3 Ke6 59. Nc7+ Kxf6 60. e8=Q Bxe8 61.
Nxe8+ Ke6 62. Kb5 Ke5 63. Kxa5 f5 64. Ng7 1-0